000 00286nam a22001217a 4500
008 160503b xxu||||| |||| 00| 0 eng d
020 _a9780838525944
020 _a083525946
041 _aeng
080 _a612.8
245 _aFundamental of nursing:
_cKaren J. Berger;
942 _2udc
_cBK
999 _c1721
_d1721